[Event "Philadelphia Int'l"]
[Site "Philadelphia"]
[Date "2010.06.25"]
[Round "1"]
[White "Battaglini, Gabriel"]
[Black "Young, Gregory"]
[Result "1/2-1/2"]
[WhiteElo "2427"]
[BlackElo "2268"]
[PlyCount "42"]
[EventDate "2010.06.??"]
[EventCountry "USA"]

1. d4 Nf6 2. c4 g6 3. Nc3 d5 4. Bg5 Ne4 5. Bh4 Nxc3 6. bxc3 dxc4 7. Nf3 Bg7 8.
e3 Be6 9. Be2 O-O 10. Qb1 b6 11. O-O c5 12. Nd2 cxd4 13. cxd4 Nc6 14. Qb5 Rc8
15. Rac1 c3 16. Nb3 Qd5 17. Qa4 Qe4 18. Bg3 Bd5 19. Bf3 Qf5 20. Be2 Qe4 21. Bf3
Qf5 1/2-1/2

[Event "Philadelphia Int'l"]
[Site "Philadelphia"]
[Date "2010.06.25"]
[Round "1"]
[White "Gokhale, Chandrashekhar"]
[Black "Kekelidze, Mikheil"]
[Result "0-1"]
[WhiteElo "2282"]
[BlackElo "2436"]
[PlyCount "104"]
[EventDate "2010.06.??"]
[EventCountry "USA"]

1. d4 Nf6 2. Nf3 e6 3. Bg5 c5 4. e3 h6 5. Bh4 cxd4 6. exd4 b6 7. Nbd2 Be7 8. c3
O-O 9. Bd3 Ba6 10. Bxa6 Nxa6 11. Bxf6 Bxf6 12. Ne4 d5 13. Nxf6+ Qxf6 14. Ne5
Rfc8 15. Qa4 Nc7 16. O-O Ne8 17. Qb4 Qd8 18. a4 Nd6 19. a5 Nc4 20. axb6 Qxb6
21. Qxb6 axb6 22. Nxc4 dxc4 23. f4 g6 24. Kf2 b5 25. Rfb1 Kg7 26. b4 cxb3 27.
Rxa8 Rxa8 28. Rxb3 Ra2+ 29. Kf3 Rc2 30. g3 Kf6 31. Ke4 h5 32. h3 Ke7 33. g4 f5+
34. Kf3 h4 35. Rxb5 Rxc3+ 36. Kg2 Rg3+ 37. Kh2 Rd3 38. Rb7+ Kd6 39. Rh7 Rd2+
40. Kg1 Rxd4 41. Rxh4 Kd5 42. Kf2 e5 43. Kg3 Rd3+ 44. Kg2 e4 45. Rh6 Ke6 46.
Rxg6+ Kf7 47. Rg5 Rd2+ 48. Kg1 Ke6 49. Rg6+ Kd5 50. Rg8 Kd4 51. Rf8 e3 52. Rxf5
Rd1+ 0-1

[Event "Philadelphia Int'l"]
[Site "Philadelphia"]
[Date "2010.06.25"]
[Round "1"]
[White "Holt, Conrad"]
[Black "Simutowe, Amon"]
[Result "1/2-1/2"]
[WhiteElo "2372"]
[BlackElo "2452"]
[PlyCount "52"]
[EventDate "2010.06.??"]
[EventCountry "USA"]

1. d4 Nf6 2. c4 e6 3. Nc3 Bb4 4. Qc2 O-O 5. e4 d6 6. Bd3 e5 7. Nge2 Nc6 8. d5
Ne7 9. a3 Bxc3+ 10. Qxc3 Ng6 11. f3 Nh5 12. g3 Bh3 13. Rg1 c6 14. Be3 cxd5 15.
exd5 Bd7 16. Qb4 Qf6 17. Rf1 b6 18. Nc3 Rfd8 19. Rf2 Qe7 20. Ne4 Qf8 21. a4 f5
22. Bg5 Nf6 23. Bxf6 gxf6 24. Nc3 e4 25. Be2 e3 26. Rg2 f4 1/2-1/2

[Event "Philadelphia Int'l"]
[Site "Philadelphia"]
[Date "2010.06.25"]
[Round "1"]
[White "Mulyar, Michael A"]
[Black "Panchanathan, Magesh"]
[Result "1/2-1/2"]
[WhiteElo "2398"]
[BlackElo "2549"]
[PlyCount "88"]
[EventDate "2010.06.??"]
[EventCountry "USA"]

1. c4 Nf6 2. Nf3 e6 3. g3 d5 4. d4 dxc4 5. Bg2 a6 6. Ne5 c5 7. Na3 cxd4 8.
Naxc4 Bc5 9. O-O O-O 10. Qb3 Nd5 11. Bd2 Nd7 12. Nd3 Ba7 13. Rac1 N7f6 14. Ba5
Qe7 15. Nde5 Nd7 16. Nxd7 Bxd7 17. Nb6 Nxb6 18. Bxb6 Bb5 19. Bxa7 Rxa7 20. Rc2
Rd8 21. Rfc1 Qe8 22. Qb4 b6 23. Bc6 Qf8 24. Qb3 d3 25. exd3 Rxd3 26. Rc3 Rxc3
27. Rxc3 h5 28. a4 Bxc6 29. Qxb6 Rb7 30. Qxc6 Rxb2 31. Qxa6 Qb4 32. Qa8+ Kh7
33. Qf3 Kg6 34. Qd3+ Kh6 35. Qe3+ Kh7 36. Rc7 Qxa4 37. Rxf7 Rb1+ 38. Kg2 Qc4
39. Rxg7+ Kxg7 40. Qg5+ Kh7 41. Qxh5+ Kg7 42. Qg5+ Kf7 43. Qh5+ Kg7 44. Qg5+
Kf7 1/2-1/2

[Event "Philadelphia Int'l"]
[Site "Philadelphia"]
[Date "2010.06.25"]
[Round "1"]
[White "Smith, Bryan G"]
[Black "Bartell, Thomas"]
[Result "1-0"]
[WhiteElo "2468"]
[BlackElo "2376"]
[PlyCount "97"]
[EventDate "2010.06.??"]
[EventCountry "USA"]

1. e4 c5 2. Nf3 e6 3. d4 cxd4 4. Nxd4 Nc6 5. Nc3 Qc7 6. Be3 a6 7. Bd3 Nf6 8.
O-O Nxd4 9. Bxd4 Bc5 10. Be2 d6 11. Qd3 Bxd4 12. Qxd4 e5 13. Qb4 Qc5 14. a3 Ke7
15. Rfd1 Qxb4 16. axb4 Be6 17. f3 Rhc8 18. Ra5 Bc4 19. Kf2 b6 20. Ra4 Bxe2 21.
Kxe2 Rc4 22. Rda1 a5 23. g4 h6 24. h4 Ke6 25. bxa5 Rxa4 26. Nxa4 bxa5 27. b4
Rc8 28. bxa5 Rxc2+ 29. Kd3 Rc7 30. Nb6 d5 31. exd5+ Nxd5 32. Nxd5 Kxd5 33. a6
Ra7 34. Ra5+ Ke6 35. Kc4 h5 36. g5 Kf5 37. Kb5 Kf4 38. Kb6 Ra8 39. Kb7 Re8 40.
a7 f6 41. gxf6 gxf6 42. a8=Q Rxa8 43. Rxa8 Kxf3 44. Kc6 e4 45. Kd5 e3 46. Ke6
e2 47. Ra1 Kg3 48. Kxf6 Kxh4 49. Re1 1-0

[Event "Philadelphia Int'l"]
[Site "Philadelphia"]
[Date "2010.06.25"]
[Round "1"]
[White "Yang, Darwin"]
[Black "Sundararajan, Kidambi"]
[Result "1/2-1/2"]
[WhiteElo "2393"]
[BlackElo "2520"]
[PlyCount "46"]
[EventDate "2010.06.??"]
[EventCountry "USA"]

1. d4 d5 2. c4 e6 3. Nc3 c5 4. cxd5 cxd4 5. Qa4+ Bd7 6. Qxd4 exd5 7. Qxd5 Nc6
8. Nf3 Nf6 9. Qd1 Bc5 10. e3 Qe7 11. Bb5 O-O 12. O-O Rfd8 13. Qe2 a6 14. Bxc6
Bxc6 15. Bd2 Ne4 16. Rfd1 Rd6 17. Nd4 Bxd4 18. exd4 Rxd4 19. Be1 Rxd1 20. Rxd1
Re8 21. Nxe4 Qxe4 22. Qxe4 Bxe4 23. Bc3 Bc6 1/2-1/2

[Event "Philadelphia Int'l"]
[Site "Philadelphia"]
[Date "2010.06.25"]
[Round "1"]
[White "Zierk, Steven"]
[Black "Paragua, Mark"]
[Result "1/2-1/2"]
[WhiteElo "2377"]
[BlackElo "2497"]
[PlyCount "57"]
[EventDate "2010.06.??"]
[EventCountry "USA"]

1. e4 c5 2. Nf3 d6 3. d4 cxd4 4. Nxd4 Nf6 5. Nc3 a6 6. Be2 e5 7. Nb3 Be7 8. Be3
Be6 9. Qd2 O-O 10. O-O Nbd7 11. f4 Rc8 12. f5 Bc4 13. g4 d5 14. exd5 Bb4 15.
Bxc4 Rxc4 16. h3 Nb6 17. Qf2 Nxg4 18. hxg4 Rxg4+ 19. Kh2 Bxc3 20. bxc3 Rh4+ 21.
Kg3 Nxd5 22. Rad1 Re4 23. Kf3 Rxe3+ 24. Qxe3 Nxe3 25. Rxd8 Nxf1 26. Rxf8+ Kxf8
27. Kf2 Nh2 28. Kg3 Nf1+ 29. Kf2 1/2-1/2

[Event "Philadelphia Int'l"]
[Site "Philadelphia"]
[Date "2010.06.25"]
[Round "1"]
[White "Kim, Jinseok"]
[Black "MacKinnon, Keith"]
[Result "0-1"]
[WhiteElo "1960"]
[BlackElo "2140"]
[PlyCount "78"]
[EventDate "2010.06.??"]
[EventCountry "USA"]

1. d4 Nf6 2. c4 e6 3. Nc3 Bb4 4. Qc2 O-O 5. a3 Bxc3+ 6. Qxc3 b6 7. Nf3 Ne4 8.
Qc2 Bb7 9. e3 d6 10. Bd3 f5 11. O-O Nd7 12. Nd2 Qh4 13. Nf3 Qh5 14. Qe2 Rf6 15.
Nd2 Qh4 16. f3 Rh6 17. fxe4 Qxh2+ 18. Kf2 fxe4 19. Nxe4 Rf8+ 20. Ke1 Bxe4 21.
Rxf8+ Nxf8 22. Bxe4 Qh4+ 23. Kd2 Qxe4 24. Qf3 Qxf3 25. gxf3 Rh2+ 26. Kd3 Rh1
27. b4 h5 28. Bb2 Rxa1 29. Bxa1 h4 30. Ke2 Nh7 31. f4 d5 32. cxd5 exd5 33. Kf3
Nf6 34. Bc3 h3 35. Be1 h2 36. Kg2 Ng4 37. Bh4 c6 38. a4 Kf7 39. Bg3 Ke6 0-1

[Event "Philadelphia Int'l"]
[Site "Philadelphia"]
[Date "2010.06.25"]
[Round "2"]
[White "Bayar, Anu"]
[Black "Kim, Jinseok"]
[Result "1-0"]
[WhiteElo "1935"]
[BlackElo "195"]
[PlyCount "72"]
[EventDate "2010.06.??"]
[EventCountry "USA"]

1. d4 Nf6 2. c4 e6 3. Nf3 Bb4+ 4. Bd2 Qe7 5. Nc3 b6 6. g3 Bb7 7. Bg2 O-O 8. O-O
d6 9. b3 d5 10. Ne5 Nbd7 11. Nd3 Bxc3 12. Bxc3 a5 13. Re1 Rad8 14. Rc1 Ba6 15.
Bb2 c6 16. Qc2 Rc8 17. c5 b5 18. a3 Rfe8 19. Bc3 Qd8 20. Qd2 Ne4 21. Bxe4 dxe4
22. Bxa5 Qe7 23. Nb4 Bb7 24. a4 bxa4 25. bxa4 Nf6 26. Rb1 Qd7 27. Nc2 Nd5 28.
Na3 Ba6 29. Rb3 Rb8 30. Reb1 Rxb3 31. Rxb3 h6 32. Qc2 e5 33. dxe5 Rxe5 34. Nc4
Bxc4 35. Qxc4 Nf6 36. Bc3 Qh3 1-0

[Event "Philadelphia Int'l"]
[Site "Philadelphia"]
[Date "2010.06.25"]
[Round "2"]
[White "Bercys, Salvijus"]
[Black "Smith, Bryan G"]
[Result "0-1"]
[WhiteElo "2427"]
[BlackElo "2468"]
[PlyCount "42"]
[EventDate "2010.06.??"]
[EventCountry "USA"]

1. d4 Nf6 2. c4 g6 3. Nc3 Bg7 4. e4 d6 5. Nf3 O-O 6. h3 e5 7. d5 Nh5 8. Be3 f5
9. exf5 gxf5 10. Nxe5 Qe8 11. Nd3 f4 12. Be2 fxe3 13. Bxh5 exf2+ 14. Kd2 Qe7
15. Bg4 Na6 16. Rf1 Nc5 17. Kc2 Bxg4 18. hxg4 Bxc3 19. Kxc3 Qg7+ 20. Kc2 Qd4
21. b3 Ne4 0-1

[Event "Philadelphia Int'l"]
[Site "Philadelphia"]
[Date "2010.06.25"]
[Round "2"]
[White "Chen, Howard Jed"]
[Black "MacKinnon, Keith"]
[Result "1-0"]
[WhiteElo "2251"]
[BlackElo "2140"]
[PlyCount "81"]
[EventDate "2010.06.??"]
[EventCountry "USA"]

1. e4 c5 2. Nf3 d6 3. Bb5+ Nd7 4. d4 Ngf6 5. Nc3 cxd4 6. Qxd4 e5 7. Qd3 h6 8.
O-O Be7 9. Nd2 O-O 10. Bxd7 Bxd7 11. Nc4 Be6 12. Ne3 Rc8 13. Rd1 a6 14. a4 Qc7
15. Bd2 Bc4 16. Nxc4 Qxc4 17. Qxc4 Rxc4 18. f3 Rd8 19. Be1 d5 20. exd5 Bb4 21.
Rd3 Bxc3 22. Bxc3 Rxd5 23. Rad1 Rxd3 24. Rxd3 Rxa4 25. Bxe5 Ra1+ 26. Kf2 Rc1
27. Rd8+ Kh7 28. Rd2 Ng8 29. Bd6 Kg6 30. Ke3 Re1+ 31. Kd4 Re6 32. Kc5 Nf6 33.
c4 Nd7+ 34. Kb4 Nf6 35. Ka5 Re3 36. Bc5 Re6 37. b4 Rc6 38. Rd8 Kf5 39. Rb8 Nd7
40. Rxb7 Nxc5 41. bxc5 1-0

[Event "Philadelphia Int'l"]
[Site "Philadelphia"]
[Date "2010.06.25"]
[Round "2"]
[White "Kekelidze, Mikheil"]
[Black "Shankland, Samuel"]
[Result "1/2-1/2"]
[WhiteElo "2436"]
[BlackElo "2507"]
[PlyCount "44"]
[EventDate "2010.06.??"]
[EventCountry "USA"]

1. c4 c6 2. e4 d5 3. exd5 cxd5 4. d4 Nf6 5. Nc3 Nc6 6. Bf4 Bg4 7. Be2 Bxe2 8.
Ngxe2 e6 9. c5 Be7 10. Rb1 Ne4 11. f3 Nxc3 12. bxc3 Qd7 13. Qb3 b6 14. cxb6
axb6 15. Qxb6 Rxa2 16. Kf2 O-O 17. Qb7 Qxb7 18. Rxb7 Rc8 19. Rhb1 Bf8 20. R1b2
Rxb2 21. Rxb2 Na5 22. Rb8 Rxb8 1/2-1/2

[Event "Philadelphia Int'l"]
[Site "Philadelphia"]
[Date "2010.06.25"]
[Round "2"]
[White "Kidambi, Sundaraja"]
[Black "Mulyar, Michael A"]
[Result "1-0"]
[WhiteElo "2520"]
[BlackElo "2398"]
[PlyCount "79"]
[EventDate "2010.06.??"]
[EventCountry "USA"]

1. d4 d5 2. c4 c6 3. Nf3 Nf6 4. Qc2 e6 5. g3 Be7 6. Bg2 O-O 7. O-O Nbd7 8. b3
b6 9. Rd1 Bb7 10. Nc3 c5 11. dxc5 dxc4 12. bxc4 Bxc5 13. Bb2 Qe7 14. Na4 h6 15.
Nxc5 Nxc5 16. a4 Rfd8 17. Bd4 Rab8 18. a5 Bxf3 19. exf3 bxa5 20. Rxa5 Rxd4 21.
Rxd4 Nb3 22. Qb2 Qc7 23. Ra6 Nxd4 24. Qxd4 e5 25. Qd3 Rb2 26. Rd6 Rb8 27. Bf1
a5 28. Ra6 Nd7 29. Qd5 a4 30. c5 Nf6 31. Qd1 a3 32. Rxa3 Rc8 33. Rc3 Nd7 34. c6
Nb8 35. Qd5 Re8 36. Bb5 Re6 37. Kg2 Kf8 38. Qc5+ Kg8 39. Ra3 e4 40. fxe4 1-0

[Event "Philadelphia Int'l"]
[Site "Philadelphia"]
[Date "2010.06.25"]
[Round "2"]
[White "Panchanathan, Magesh"]
[Black "Yang, Darwin"]
[Result "0-1"]
[WhiteElo "2549"]
[BlackElo "2393"]
[PlyCount "118"]
[EventDate "2010.06.??"]
[EventCountry "USA"]

1. d4 d5 2. Nf3 Nf6 3. c4 c6 4. Qc2 e6 5. g3 Nbd7 6. Bg2 Be7 7. O-O b6 8. Nc3
O-O 9. cxd5 cxd5 10. Bf4 Bb7 11. Rac1 Rc8 12. Qb3 a6 13. a4 Nb8 14. Ne5 Nc6 15.
Nxc6 Bxc6 16. Rc2 b5 17. axb5 axb5 18. Rfc1 Bd7 19. Bf1 Qa5 20. Na2 Ra8 21. Ra1
b4 22. Rc7 Rfc8 23. Rxc8+ Bxc8 24. Qc2 Bd7 25. b3 Ne4 26. Bd2 Nxd2 27. Qxd2 g6
28. e3 Bf6 29. f4 Be7 30. Be2 f6 31. Bf3 Kg7 32. Kg2 Bd6 33. Kf2 Qa3 34. Qc2
Rc8 35. Qb1 Ra8 36. Qc2 Qa7 37. Kg2 Rc8 38. Qb2 Ra8 39. Qc2 Qa6 40. Be2 Qb6 41.
Qb2 Qa7 42. Bf3 Qa3 43. Qc2 Bb5 44. Kh3 Qa6 45. Qd2 h5 46. g4 hxg4+ 47. Bxg4 f5
48. Bf3 g5 49. Kg3 Kf6 50. h4 gxf4+ 51. exf4 Qa7 52. Kh3 Qg7 53. Qf2 Rg8 54. h5
Bxf4 55. Qh4+ Qg5 56. Nxb4 Qxh4+ 57. Kxh4 Rg5 58. Bxd5 Bd6 59. Bc6 Be2 0-1

[Event "Philadelphia Int'l"]
[Site "Philadelphia"]
[Date "2010.06.25"]
[Round "2"]
[White "Paragua, Mark"]
[Black "Holt, Conrad"]
[Result "1-0"]
[WhiteElo "2497"]
[BlackElo "2375"]
[PlyCount "65"]
[EventDate "2010.06.??"]
[EventCountry "USA"]

1. d4 d5 2. Nf3 Nf6 3. c4 c6 4. Nc3 dxc4 5. a4 Bf5 6. Ne5 Nbd7 7. Nxc4 Nb6 8.
Ne5 a5 9. e3 g6 10. f3 Bg7 11. e4 Be6 12. Be3 O-O 13. Be2 Qd6 14. O-O Rad8 15.
Qc2 Nfd7 16. Nxd7 Bxd4 17. Nxf8 Bxe3+ 18. Kh1 Rxf8 19. Qd3 Qc5 20. f4 Bd4 21.
f5 Bc4 22. Qd1 Rd8 23. Rc1 Qb4 24. Bxc4 Nxc4 25. Na2 Nxb2 26. Nxb4 Nxd1 27.
Rfxd1 axb4 28. Rc4 c5 29. Rxc5 Bxc5 30. Rxd8+ Kg7 31. Rd5 Be3 32. a5 b3 33. Rd7
1-0

[Event "Philadelphia Int'l"]
[Site "Philadelphia"]
[Date "2010.06.25"]
[Round "2"]
[White "Simutowe, Amon"]
[Black "Zierk, Steven"]
[Result "1-0"]
[WhiteElo "2452"]
[BlackElo "2377"]
[PlyCount "93"]
[EventDate "2010.06.??"]
[EventCountry "USA"]

1. c4 c5 2. Nf3 Nc6 3. d4 cxd4 4. Nxd4 Nf6 5. Nc3 g6 6. e4 d6 7. Be2 Bg7 8. Be3
O-O 9. O-O Bd7 10. Nc2 Rc8 11. f3 a6 12. Rc1 Ne5 13. Na3 h5 14. h3 Qa5 15. f4
Nc6 16. c5 Qc7 17. cxd6 exd6 18. Nc4 Ne8 19. Nb6 Rb8 20. f5 Nf6 21. Ncd5 Qd8
22. Nxf6+ Bxf6 23. fxg6 fxg6 24. Qxd6 Be8 25. Bc4+ Kg7 26. Qf4 g5 27. Qf2 Be7
28. Qe1 Rxf1+ 29. Bxf1 Bg6 30. Rd1 Qe8 31. Nd5 Kh7 32. Nxe7 Qxe7 33. Qg3 Rg8
34. Qxg5 Qxg5 35. Bxg5 Bxe4 36. Rd7+ Kg6 37. Bf4 Kf5 38. Rf7+ Ke6 39. Rxb7 Nd4
40. Bc4+ Kf5 41. Rf7+ Kg6 42. Rd7 Kf5 43. Bxg8 Ne2+ 44. Kf2 Nxf4 45. Bh7+ Ke6
46. Bxe4 Kxd7 47. Kg3 1-0

[Event "Philadelphia Int'l"]
[Site "Philadelphia"]
[Date "2010.06.26"]
[Round "3"]
[White "Clancy, Daniel J"]
[Black "Panjwani, Raja"]
[Result "0-1"]
[WhiteElo "2140"]
[BlackElo "2401"]
[PlyCount "68"]
[EventDate "2010.06.??"]
[EventCountry "USA"]

1. d4 Nf6 2. c4 g6 3. Nf3 Bg7 4. g3 O-O 5. Bg2 d6 6. Nc3 c6 7. O-O a6 8. e4 Bg4
9. h3 Bxf3 10. Bxf3 Nfd7 11. Be3 c5 12. Rb1 Nc6 13. Ne2 Rc8 14. b3 b5 15. Rc1
bxc4 16. Rxc4 cxd4 17. Nxd4 Nxd4 18. Bxd4 Rxc4 19. bxc4 Qc7 20. Bxg7 Kxg7 21.
Be2 Rb8 22. Qa1+ f6 23. Bg4 Ne5 24. Be6 Qc6 25. Bd5 Qa4 26. Qc3 Rc8 27. Rb1 Rc7
28. Rb8 Qd1+ 29. Kg2 Nd3 30. Rg8+ Kh6 31. e5 dxe5 32. Be4 Ne1+ 33. Kh2 Qe2 34.
Qc1+ g5 0-1

[Event "Philadelphia Int'l"]
[Site "Philadelphia"]
[Date "2010.06.26"]
[Round "3"]
[White "Gokhale, Chandrashekhar"]
[Black "Liu, Matthew"]
[Result "1-0"]
[WhiteElo "2282"]
[BlackElo "2140"]
[PlyCount "101"]
[EventDate "2010.06.??"]
[EventCountry "USA"]

1. d4 d5 2. c4 e6 3. Nc3 Nf6 4. Bg5 c6 5. e3 Nbd7 6. cxd5 exd5 7. Bd3 Be7 8.
Qc2 O-O 9. Nge2 Re8 10. O-O Ne4 11. Bf4 Nxc3 12. bxc3 Nf6 13. f3 c5 14. Bg3 b6
15. a4 Bd6 16. Bf2 h5 17. Qd2 Bb7 18. Rfe1 Qc7 19. h3 Re7 20. g4 Rae8 21. Kg2
Bc8 22. g5 Nh7 23. h4 Nf8 24. Bb5 Bd7 25. dxc5 Bxc5 26. Nf4 Bxb5 27. Nxd5 Qd7
28. axb5 Re5 29. c4 Kh8 30. Qc3 Ng6 31. Bg3 R5e6 32. Rad1 Qb7 33. e4 Bd6 34.
Qc2 Bxg3 35. Kxg3 Qb8+ 36. f4 Qc8 37. f5 Qb8+ 38. Kh3 Nf4+ 39. Nxf4 Qxf4 40.
fxe6 Qg4+ 41. Kh2 Qxh4+ 42. Kg1 Qxg5+ 43. Qg2 Qc5+ 44. Kh1 Rxe6 45. Rd5 Qxc4
46. Rxh5+ Kg8 47. Qh2 Kf8 48. Qb8+ Ke7 49. Qxa7+ Kf6 50. Rf5+ Kg6 51. Qxf7+ 1-0

[Event "Philadelphia Int'l"]
[Site "Philadelphia"]
[Date "2010.06.26"]
[Round "3"]
[White "Jiang, Louie"]
[Black "Simutowe, Amon"]
[Result "1-0"]
[WhiteElo "2312"]
[BlackElo "2452"]
[PlyCount "58"]
[EventDate "2010.06.??"]
[EventCountry "USA"]

1. e4 c5 2. Nf3 e6 3. d4 cxd4 4. Nxd4 Nc6 5. Nc3 Qc7 6. Be3 a6 7. Be2 Nf6 8. a3
Be7 9. f4 d6 10. g4 Nxd4 11. Bxd4 e5 12. Be3 exf4 13. Bxf4 Be6 14. Qd4 O-O 15.
O-O-O Rfd8 16. g5 Nd7 17. Bxd6 Bxg5+ 18. Kb1 Qc6 19. e5 Rac8 20. Rhg1 Bh6 21.
Bd3 Nf8 22. Be4 Qd7 23. Qb6 Ng6 24. Bxb7 Rxc3 25. bxc3 Nxe5 26. Bxa6 Nf3 27.
Bb5 Qc8 28. Bf4 Nd2+ 29. Rxd2 Rxd2 1-0

[Event "Philadelphia Int'l"]
[Site "Philadelphia"]
[Date "2010.06.26"]
[Round "3"]
[White "Kidambi, Sundaraja"]
[Black "Mateer, Amanda Rae"]
[Result "1-0"]
[WhiteElo "2520"]
[BlackElo "2072"]
[PlyCount "63"]
[EventDate "2010.06.??"]
[EventCountry "USA"]

1. d4 Nf6 2. Nf3 e6 3. g3 c5 4. Bg2 Nc6 5. O-O cxd4 6. Nxd4 Bc5 7. Nb3 Be7 8.
c4 O-O 9. Nc3 a6 10. c5 b5 11. e4 Ra7 12. Be3 Rc7 13. a4 b4 14. Nd5 exd5 15.
exd5 Nxd5 16. Bxd5 d6 17. cxd6 Qxd6 18. Bf4 Ne5 19. Re1 Rd7 20. Rxe5 Bb7 21.
Bxb7 Qxd1+ 22. Rxd1 Rxd1+ 23. Kg2 Bf6 24. Re2 g6 25. Be3 Re8 26. Bxa6 Rb1 27.
Bb5 Rd8 28. a5 Bxb2 29. a6 Bf6 30. Bc4 Rbd1 31. a7 Ra8 32. Rd2 1-0

[Event "Philadelphia Int'l"]
[Site "Philadelphia"]
[Date "2010.06.26"]
[Round "3"]
[White "Krause, Benjamin W"]
[Black "Mulyar, Michael A"]
[Result "0-1"]
[WhiteElo "205"]
[BlackElo "2398"]
[PlyCount "62"]
[EventDate "2010.06.??"]
[EventCountry "USA"]

1. e4 Nf6 2. e5 Nd5 3. d4 d6 4. Nf3 Bg4 5. Be2 e6 6. c4 Nb6 7. Be3 Be7 8. O-O
O-O 9. Nc3 Nc6 10. exd6 cxd6 11. b3 d5 12. Qd2 dxc4 13. bxc4 Bxf3 14. gxf3 Bb4
15. Qd3 Qh4 16. f4 Rad8 17. Ne4 Be7 18. Qc3 Na4 19. Qd2 f5 20. Ng3 Bf6 21. Qc2
Nb6 22. d5 exd5 23. Bxb6 axb6 24. cxd5 Nd4 25. Qc4 Nxe2+ 26. Nxe2 Bxa1 27. Rxa1
Qg4+ 28. Kf1 Rd6 29. Nc3 Re8 30. Qd3 Rg6 31. Qg3 Qh5 0-1

[Event "Philadelphia Int'l"]
[Site "Philadelphia"]
[Date "2010.06.26"]
[Round "3"]
[White "Neimer, Vitali"]
[Black "Korenevski, Oleg"]
[Result "1-0"]
[WhiteElo "2397"]
[BlackElo "1941"]
[PlyCount "63"]
[EventDate "2010.06.??"]
[EventCountry "USA"]

1. e4 e6 2. d4 d5 3. e5 Ne7 4. c3 b6 5. b4 a5 6. b5 Nd7 7. Nf3 c5 8. bxc6 Nxc6
9. Qa4 Qc7 10. Na3 Na7 11. Bd2 Be7 12. Bd3 Bb7 13. Rb1 Bc6 14. Qb3 h6 15. O-O
O-O 16. Rfc1 a4 17. Qb2 Qb7 18. Nc2 Rfb8 19. Nb4 b5 20. Re1 Qb6 21. Qc1 Kf8 22.
h4 Rb7 23. h5 Ke8 24. Bxh6 gxh6 25. Qxh6 Rab8 26. Re3 Qd8 27. Qg7 Bf8 28. Qg8
Ke7 29. Ng5 Qe8 30. Rf3 Bh6 31. Rxf7+ Kd8 32. Nxe6+ 1-0

[Event "Philadelphia Int'l"]
[Site "Philadelphia"]
[Date "2010.06.26"]
[Round "3"]
[White "Rosenberg, Evan S"]
[Black "Karamsetty, Jeevan"]
[Result "0-1"]
[WhiteElo "2218"]
[BlackElo "2008"]
[PlyCount "148"]
[EventDate "2010.06.??"]
[EventCountry "USA"]

1. d4 d5 2. c4 c6 3. Nf3 Nf6 4. Nc3 dxc4 5. a4 Bf5 6. e3 e6 7. a5 Bb4 8. Qa4
Qe7 9. Bxc4 O-O 10. O-O Nbd7 11. Be2 Rfc8 12. Nh4 Bg4 13. f3 Bh5 14. g4 Bxc3
15. bxc3 Nd5 16. Qa3 Qxh4 17. gxh5 Qxh5 18. e4 N5f6 19. e5 Nd5 20. c4 Nc7 21.
Qd6 Nf8 22. Rf2 Ne8 23. Qa3 Rd8 24. f4 Qg6+ 25. Rg2 Qe4 26. Be3 Ng6 27. Rf1 Nh4
28. Rg3 c5 29. d5 Qf5 30. Bd3 Qh5 31. f5 exd5 32. Qa2 f6 33. cxd5 Kh8 34. Be2
Qf7 35. e6 Qc7 36. Qc4 g5 37. Qc3 h6 38. Bh5 Rxd5 39. Bxe8 Rxe8 40. Qxf6+ Qg7
41. Qxg7+ Kxg7 42. f6+ Kf8 43. e7+ Kf7 44. Rg4 Nf5 45. Bc1 Kxf6 46. h4 gxh4 47.
Bxh6 Kxe7 48. Bg5+ Kd7 49. Rb1 Kc6 50. Bf4 Nd4 51. Kh1 Rd7 52. Rg6+ Re6 53. Rg8
b5 54. a6 b4 55. Rc8+ Kb5 56. Rc1 Nc6 57. Rh8 Rd5 58. Ra1 b3 59. Rh7 Re7 60.
Rh6 Red7 61. Kg2 c4 62. Rxh4 Rd1 63. Bc1 c3 64. Rh5+ R7d5 65. Rh7 Kc4 66. Rc7
Rc5 67. Ra4+ Kd3 68. Rd7+ Kc2 69. Rxd1 Kxd1 70. Be3 b2 71. Bxc5 b1=Q 72. Rg4
Qa2+ 73. Kh3 Qe6 74. Ba3 Ne5 0-1

[Event "Philadelphia Int'l"]
[Site "Philadelphia"]
[Date "2010.06.26"]
[Round "3"]
[White "Smith, Bryan G"]
[Black "Kelley, Dereque D"]
[Result "1-0"]
[WhiteElo "2468"]
[BlackElo "2203"]
[PlyCount "85"]
[EventDate "2010.06.??"]
[EventCountry "USA"]

1. e4 e5 2. Nf3 Nc6 3. Nc3 Nf6 4. Bb5 Bb4 5. O-O O-O 6. d3 d6 7. Bg5 Bxc3 8.
bxc3 Qe7 9. Re1 Nd8 10. d4 Ne6 11. Bd2 Rd8 12. Bd3 Nf8 13. Nh4 h6 14. Qf3 Re8
15. Rab1 c6 16. Nf5 Bxf5 17. Qxf5 Ng6 18. g3 c5 19. d5 b6 20. c4 Qd7 21. Qf3
Kh7 22. h4 Qg4 23. Qxg4 Nxg4 24. a4 Nf6 25. a5 Nd7 26. Rb3 Kg8 27. Ra1 Ngf8 28.
f3 f6 29. Rba3 Rab8 30. axb6 axb6 31. Ra7 Rec8 32. Bf1 Kf7 33. Bh3 Ke7 34. f4
b5 35. Rxd7+ Nxd7 36. Ra7 Rd8 37. Ba5 bxc4 38. fxe5 dxe5 39. Kf2 Ra8 40. Bxd8+
Rxd8 41. h5 Kd6 42. Bxd7 Rxd7 43. Rxd7+ 1-0

[Event "Philadelphia Int'l"]
[Site "Philadelphia"]
[Date "2010.06.26"]
[Round "4"]
[White "Baquero, Luis A"]
[Black "Helfst, Matt"]
[Result "1-0"]
[WhiteElo "2260"]
[BlackElo "1917"]
[PlyCount "59"]
[EventDate "2010.06.??"]
[EventCountry "USA"]

1. d4 d5 2. c4 e6 3. Nc3 Nf6 4. Nf3 Be7 5. Bg5 Nbd7 6. e3 O-O 7. Rc1 h6 8. Bh4
c6 9. Bd3 b6 10. O-O Bb7 11. Bg3 Rc8 12. Qe2 dxc4 13. Bxc4 b5 14. Bd3 b4 15.
Ne4 c5 16. Nd6 Bxf3 17. gxf3 Rc6 18. Nb7 Qb6 19. Nxc5 Nxc5 20. dxc5 Rxc5 21.
Rxc5 Qxc5 22. Rd1 Rc8 23. Ba6 Rc6 24. Bb5 Rb6 25. Bc4 Bd6 26. Qd3 Bxg3 27. hxg3
Rb7 28. Qd8+ Kh7 29. Bd3+ g6 30. Qxf6 1-0

[Event "Philadelphia Int'l"]
[Site "Philadelphia"]
[Date "2010.06.26"]
[Round "4"]
[White "Chen, Howard Jed"]
[Black "Smith, Bryan G"]
[Result "0-1"]
[WhiteElo "2251"]
[BlackElo "2468"]
[PlyCount "52"]
[EventDate "2010.06.??"]
[EventCountry "USA"]

1. e4 c5 2. Nf3 d6 3. Bb5+ Nd7 4. O-O Ngf6 5. Re1 a6 6. Bf1 b6 7. c3 Bb7 8. d3
e6 9. Nbd2 Be7 10. d4 cxd4 11. cxd4 O-O 12. Bd3 e5 13. b3 exd4 14. Nxd4 Re8 15.
Bb2 Bf8 16. Bc2 g6 17. Qf3 Bg7 18. Rad1 b5 19. Nf1 Qa5 20. a3 d5 21. Ng3 dxe4
22. Nxe4 Nxe4 23. Bxe4 Rxe4 24. Rxe4 Nf6 25. Nf5 gxf5 26. Qg3 Nh5 0-1

[Event "Philadelphia Int'l"]
[Site "Philadelphia"]
[Date "2010.06.26"]
[Round "4"]
[White "Hirneise, Tobias"]
[Black "Kidambi, Sundaraja"]
[Result "1/2-1/2"]
[WhiteElo "2447"]
[BlackElo "2520"]
[PlyCount "36"]
[EventDate "2010.06.??"]
[EventCountry "USA"]

1. d4 Nf6 2. c4 e6 3. Nf3 d5 4. g3 Bb4+ 5. Bd2 Bd6 6. Bg2 O-O 7. O-O c6 8. Qc2
Nbd7 9. Bg5 h6 10. Bxf6 Qxf6 11. Nbd2 e5 12. cxd5 cxd5 13. dxe5 Nxe5 14. Nxe5
Qxe5 15. Nf3 Qf6 16. Rfd1 Be6 17. Nd4 Rac8 18. Qd2 Be5 1/2-1/2

[Event "Philadelphia Int'l"]
[Site "Philadelphia"]
[Date "2010.06.26"]
[Round "4"]
[White "Holt, Conrad"]
[Black "Battaglini, Gabriel"]
[Result "0-1"]
[WhiteElo "2375"]
[BlackElo "2427"]
[PlyCount "90"]
[EventDate "2010.06.??"]
[EventCountry "USA"]

1. d4 d5 2. c4 c6 3. Nf3 Nf6 4. e3 e6 5. b3 Nbd7 6. Bd3 dxc4 7. bxc4 e5 8. Qc2
Bb4+ 9. Nbd2 exd4 10. exd4 Qe7+ 11. Be2 Ne4 12. O-O Nxd2 13. Bxd2 Bxd2 14. Qxd2
O-O 15. Rfe1 c5 16. Bd3 Qd6 17. dxc5 Qxc5 18. Qf4 a5 19. Rab1 Ra6 20. Rb5 Qa3
21. Qd4 Rd6 22. Rd5 Rxd5 23. cxd5 Nf6 24. Ne5 Rd8 25. Bc4 Qd6 26. Rd1 Re8 27.
f4 h6 28. Be2 Rd8 29. Bf3 Re8 30. h3 Bd7 31. Kh2 Rc8 32. Rb1 b5 33. Qa7 g5 34.
Qxa5 gxf4 35. Nxd7 Nxd7 36. Qxb5 Ne5 37. Qe2 Rc3 38. Rf1 Re3 39. Qd2 Qa6 40.
Rf2 Qg6 41. Bg4 h5 42. Bxh5 Qxh5 43. Rxf4 Re2 44. Qd4 Nf3+ 45. Rxf3 Qxf3 0-1